01003nam a22003017a 4500003000500000005001700005008004100022010001000063011001000073035001000083040000900093082001500102100003400117245007500151260003000226300001100256490003300267590004100300590004100341590004200382650003200424830004000456901000700496942001000503949005400513999001700567952011700584CHAP20220329140820.0971013s1958 r 00010 d a58074 a59046 a63203 cCHAP a657.3bS8600aStockwell, Herbert G.9109840 aInterpretación y estudio crítico de balances y estados financieros aBarcelona :bLabor,c1958 a352 p. aBiblioteca de comercio Labor aBATCH-UPDb10c20130110lUCH01h0013 aBATCH-UPDb10c20130110lUCH01h0656 aCONVERSIONb10c20130109lUCH01h133114aEstados financieros.9382690 aBiblioteca de comercio Labor912293 aBK cLIBRO a657.3 S86bBCcBPAd-135743eBPAh25065i63203si c58074d58074 01104053708MDaBCbBCd2019-12-31fLIBROi127l0o657.3 S86p-135743r2019-12-31 00:00:00w2019-12-31yLIBRO